Statistiken für Schauspieler, die mit John Carpenter zusammengearbeitet haben

Klicken Sie hier um das Quiz zu spielen!

Allgemein

  • Dieses Quiz wurde 7 mal gespielt
  • Das Durchschnittsergebnis liegt bei 6 aus 38

Antwortstatistiken

FilmSchauspieler/in% Korrekt
Elvis – The King, Die Klapperschlange, Das Ding aus einer anderen Welt, Big Trouble in Little China, Flucht aus L.A.Kurt Russell
100%
Halloween – Die Nacht des Grauens, The Fog – Nebel des GrauensJamie Lee Curtis
83%
Jagd auf einen UnsichtbarenChevy Chase
33%
Halloween – Die Nacht des Grauens, Die Klapperschlange, Die Fürsten der DunkelheitDonald Pleasance
33%
Die Klapperschlange, ChristineHarry Dean Stanton
33%
Jagd auf einen Unsichtbaren, Die Mächte des WahnsinnsSam Neill
33%
The WardAmber Heard
17%
Flucht aus L.A.Bruce Campbell
17%
Die Mächte des WahnsinnsCharlton Heston
17%
Das Dorf der VerdammtenChristopher Reeve
17%
Ghosts of MarsIce Cube
17%
Big Trouble in Little ChinaJames Hong
17%
John Carpenters VampireJames Woods
17%
Ghosts of MarsJason Statham
17%
StarmanJeff Bridges
17%
Die Mächte des WahnsinnsJürgen Prochnow
17%
StarmanKaren Allen
17%
Das Ding aus einer anderen Welt, Sie lebenKeith David
17%
Big Trouble in Little ChinaKim Cattrall
17%
Body Bags, Das Dorf der VerdammtenMark Hamill
17%
Flucht aus L.A.Peter Fonda
17%
Flucht aus L.A.Steve Buscemi
17%
Das unsichtbare Auge, The Fog – Nebel des Grauens, Die Klapperschlange, Das Ding aus einer anderen WeltAdrienne Barbeau
0%
StarmanCharles Martin Smith
0%
Flucht aus L.A.Cliff Robertson
0%
Jagd auf einen UnsichtbarenDaryl Hannah
0%
Die Mächte des WahnsinnsDavid Warner
0%
The Fog – Nebel des GrauensJanet Leigh
0%
The WardJared Harris
0%
Die Mächte des WahnsinnsJulie Carmen
0%
Das Dorf der VerdammtenKirstie Alley
0%
Die KlapperschlangeLee Van Cleef
0%
John Carpenters VampireMaximilian Schell
0%
Ghosts of MarsNatasha Henstridge
0%
Dark Star - Finsterer Stern, Halloween – Die Nacht des Grauens, Die KlapperschlangeNick Castle
0%
Body BagsSam Raimi
0%
Elvis – The KingShelly Winters
0%
Das Dorf der VerdammtenThomas Dekker
0%

Verteilung der Resultate

Perzentil nach korrekt beantworteten Fragen

Anzahl Personen mit jedem Resultat

Ihre Resultats-Entwicklung

Sie haben dieses Quiz noch nicht gespielt